000 00538nam a2200145Ia 4500
003 OSt
005 20260331143948.0
008 211028s2011 xx 000 0 und d
040 _cAIMIT LIBRARY
041 _aeng
100 _aNadaf, Malikjan;Shetty, Prathibha.
_g916057
_96819
245 _aAn analysis of factors affecting customer awareness about wedding planners in Mangalore with special reference to Manipal Ace event Management Co.Pvt.Ltd. Balmatta Mangalore /
260 _aMangalore
_bShetty, Prathibha
_c2011
942 _2ddc
_cPRO
999 _c218389
_d218389